Southville International School and Colleges
Your cart is empty.
  • Cart
  • Lists
    Public lists Eva Luna New books Lux_list list_1
    Your lists Log in to create your own lists
  • Log in to your account
  • Your cookies
  • Search history
Southville International School and Colleges
  • Advanced search
  • Recent comments
  • Most popular
  • Libraries

Log in to your account

Log in with GOOGLE


If you do not have an external account, but do have a local account, you can still log in:

  1. Home
  2. MARC view: Pooh's day to play /
Normal view MARC view ISBD view

Pooh's day to play / (Record no. 113616)

[ view plain ]
MARC details
000 -LEADER
fixed length control field 00644nam a2200205 a 4500
001 - CONTROL NUMBER
control field 0386
005 - DATE AND TIME OF LATEST TRANSACTION
control field 20140414132030.0
008 - FIXED-LENGTH DATA ELEMENTS--GENERAL INFORMATION
fixed length control field 040913s19uu xx 00 eng d
020 ## - INTERNATIONAL STANDARD BOOK NUMBER
International Standard Book Number 0-7214-2549-6
050 ## - LIBRARY OF CONGRESS CALL NUMBER
Classification number TR
Item number P78 2001
100 ## - MAIN ENTRY--PERSONAL NAME
Personal name Downs, Dawn
245 ## - TITLE STATEMENT
Title Pooh's day to play /
Statement of responsibility, etc written by Dawn Downs Purney, Sue Kennedy.
260 ## - PUBLICATION, DISTRIBUTION, ETC. (IMPRINT)
Place of publication, distribution, etc Australia :
Name of publisher, distributor, etc disney Enterprises,
Date of publication, distribution, etc 2001.
300 ## - PHYSICAL DESCRIPTION
Extent 32 p. : ill. ; cm.
440 ## - SERIES STATEMENT/ADDED ENTRY--TITLE
Title I can learn with Pooh series
520 ## - SUMMARY, ETC.
Summary, etc Reading, mathematics, language, writing, and fine motor skills essential to your child needs.
650 ## - SUBJECT ADDED ENTRY--TOPICAL TERM
Topical term or geographic name as entry element Activities.
Holdings
Withdrawn status Lost status Damaged status Use restrictions Home library Current library Shelving location Date acquired Source of acquisition Total Checkouts Full call number Barcode Date last seen Price effective from Koha item type
        Munich Library Munich Library Teachers Reference Section 09/13/2004     TR P78 2001 M5214 04/14/2014 04/14/2014 Books
        Munich Library Munich Library Teachers Reference Section 09/13/2004     TR P78 2001 M5213 04/14/2014 04/14/2014 Books

Pooh's day to play /

APA

Downs D., . (2001). Pooh's day to play. Australia: disney Enterprises.

Chicago

Downs Dawn, . 2001. Pooh's day to play. Australia: disney Enterprises.

Harvard

Downs D., . (2001). Pooh's day to play. Australia: disney Enterprises.

MLA

Downs Dawn, . Pooh's day to play. Australia: disney Enterprises. 2001.

  • Place hold
  • Print
  • Cite
  • Add to your cart (remove)
  • Save record
    BIBTEX Dublin Core MARCXML MARC (non-Unicode/MARC-8) MARC (Unicode/UTF-8) MARC (Unicode/UTF-8, Standard) MODS (XML) RIS
  • More searches
    Search for this title in:
    Other Libraries (WorldCat) Other Databases (Google Scholar) Online Stores (Bookfinder.com) Open Library (openlibrary.org)

Exporting to Dublin Core...

SOUTHVILLE LIBRARY

Southville International School and Colleges Library

1281 Tropical Ave. Cor. Luxembourg St., BF Homes International, Las Pinas City

Tel. No. 8256374 / 252358 Loc. 117/146

Powered by Koha